| 000 | 00515nab a2200145Ia 4500 | ||
|---|---|---|---|
| 003 | ES-SlBCS | ||
| 005 | 20210601135643.0 | ||
| 008 | 140529s1996 xxu||||| |||| 00| 0 spa d | ||
| 041 | _aspa | ||
| 100 | 1 |
_aFolgar de la Calle, María del Carmen _9234818 |
|
| 245 | 0 | 0 |
_aEl convento de la Compañía de María de Santiago _c María del Carmen Folgar De La Calle |
| 650 | 0 | 4 |
_aCompañía de María-Santiago de Compostela _9234788 |
| 773 | 0 |
_tCompostellanum _gvol. 41, nº. 3-4, 1996, págs. 477-500 _wRev130 |
|
| 942 | _cAR | ||
| 999 |
_c631730 _d631730 |
||